[Event "DEM U10w 2018"]
[Site "Willingen GER"]
[Date "2018.05.21"]
[Round "4"]
[White "Czäczine, Laura"]
[Black "Trunz, Michelle"]
[Result "0-1"]
[Termination "normal"]
[Board "1"]
[WhiteElo "1171"]
[BlackElo "1312"]
[WhiteClock "01:05:19"]
[BlackClock "01:25:44"]
[PlyCount "118"]
[WhiteFideId "16211448"]
[BlackFideId "16227980"]
[EventCountry "GER"]
[EventRounds "11"]
[EventType "swiss"]
[EventDate "2018.05.19"]

1. e4 {[%clk 1:15:57]} 1... c5 {[%clk 1:15:54]} 2. Nf3 {[%clk 1:16:09]} 2... d6
{[%clk 1:16:18]} 3. d4 {[%clk 1:16:15]} 3... cxd4 {[%clk 1:16:42]} 4. c3 {
[%clk 1:16:04]} 4... dxc3 {[%clk 1:17:10]} 5. Nxc3 {[%clk 1:16:24]} 5... Nc6 {
[%clk 1:17:30]} 6. Bc4 {[%clk 1:16:06]} 6... e6 {[%clk 1:17:45]} 7. O-O { [%clk
1:15:46]} 7... Nf6 {[%clk 1:18:06]} 8. Qe2 {[%clk 1:15:17]} 8... a6 { [%clk
1:18:29]} 9. Rd1 {[%clk 1:15:04]} 9... Qc7 {[%clk 1:18:50]} 10. Bf4 { [%clk
1:14:46]} 10... Be7 {[%clk 1:19:13]} 11. e5 {[%clk 1:13:33]} 11... Nh5 { [%clk
1:19:29]} 12. exd6 {[%clk 1:12:19]} 12... Nxf4 {[%clk 1:19:50]} 13. Qd2 { [%clk
1:12:29]} 13... Bxd6 {[%clk 1:19:34]} 14. Qxd6 {[%clk 1:12:34]} 14... Qxd6
{[%clk 1:19:55]} 15. Rxd6 {[%clk 1:12:55]} 15... O-O {[%clk 1:20:11]} 16. Re1
{[%clk 1:11:24]} 16... Na5 {[%clk 1:19:24]} 17. Re4 {[%clk 1:10:11]} 17... Nxc4
{[%clk 1:19:21]} 18. Rxc4 {[%clk 1:10:10]} 18... Ng6 {[%clk 1:19:09]} 19. h3
{[%clk 1:09:21]} 19... Rb8 {[%clk 1:17:52]} 20. Rc7 {[%clk 1:06:58]} 20... b6
{[%clk 1:17:36]} 21. Nd4 {[%clk 1:06:04]} 21... b5 {[%clk 1:16:43]} 22. b4 {
[%clk 1:04:57]} 22... Ne5 {[%clk 1:16:26]} 23. Ne4 {[%clk 1:00:49]} 23... Nc4 {
[%clk 1:16:05]} 24. Nc5 {[%clk 0:59:21]} 24... Nxd6 {[%clk 1:16:08]} 25. Nxa6 {
[%clk 0:59:17]} 25... Bxa6 {[%clk 1:15:21]} 26. Rc6 {[%clk 0:59:30]} 26... Nc4
{[%clk 1:15:12]} 27. Rxa6 {[%clk 0:59:27]} 27... Ra8 {[%clk 1:15:21]} 28. Rc6 {
[%clk 0:59:39]} 28... Rfc8 {[%clk 1:15:27]} 29. Rxc8+ {[%clk 0:59:31]} 29...
Rxc8 {[%clk 1:15:52]} 30. Nxb5 {[%clk 0:59:53]} 30... Rb8 {[%clk 1:16:10]} 31.
a4 {[%clk 0:59:57]} 31... Nb6 {[%clk 1:16:08]} 32. a5 {[%clk 1:00:05]} 32...
Nd5 {[%clk 1:16:26]} 33. Nd6 {[%clk 0:59:36]} 33... Nxb4 {[%clk 1:16:42]} 34.
Nc4 {[%clk 0:59:38]} 34... Nc6 {[%clk 1:16:56]} 35. Kf1 {[%clk 0:59:51]} 35...
Ra8 {[%clk 1:17:14]} 36. Ke2 {[%clk 0:59:54]} 36... Nxa5 37. Nxa5 { [%clk
1:00:05]} 37... Rxa5 {[%clk 1:18:03]} 38. Kf3 {[%clk 1:00:21]} 38... Ra2 {[%clk
1:18:27]} 39. Kg3 {[%clk 1:00:39]} 39... Kf8 {[%clk 1:18:53]} 40. f3 { [%clk
1:00:54]} 40... Ke7 {[%clk 1:19:17]} 41. Kh2 {[%clk 1:01:12]} 41... Kf6 { [%clk
1:19:37]} 42. Kg3 {[%clk 1:01:32]} 42... Kg5 {[%clk 1:19:59]} 43. h4+ { [%clk
1:01:50]} 43... Kf5 {[%clk 1:20:21]} 44. Kh3 {[%clk 1:01:52]} 44... h5 { [%clk
1:20:50]} 45. Kg3 {[%clk 1:02:12]} 45... Ra3 {[%clk 1:21:08]} 46. Kh3 { [%clk
1:02:10]} 46... e5 {[%clk 1:21:28]} 47. Kg3 {[%clk 1:02:31]} 47... e4 { [%clk
1:21:52]} 48. Kf2 {[%clk 1:02:46]} 48... e3+ {[%clk 1:22:17]} 49. Kg3 { [%clk
1:02:50]} 49... e2 {[%clk 1:22:41]} 50. Kh2 {[%clk 1:02:37]} 50... e1=Q { [%clk
1:22:51]} 51. Kh3 {[%clk 1:02:59]} 51... Ra1 {[%clk 1:23:09]} 52. Kh2 { [%clk
1:03:18]} 52... Qh1+ {[%clk 1:23:29]} 53. Kg3 {[%clk 1:03:41]} 53... Rg1 {[%clk
1:23:46]} 54. Kf2 {[%clk 1:03:44]} 54... Qxg2+ {[%clk 1:24:11]} 55. Ke3 {[%clk
1:04:06]} 55... Re1+ {[%clk 1:24:33]} 56. Kd4 {[%clk 1:04:23]} 56... Qd2+
{[%clk 1:24:58]} 57. Kc4 {[%clk 1:04:38]} 57... Rc1+ {[%clk 1:25:24]} 58. Kb3
{[%clk 1:05:00]} 58... Qc3+ {[%clk 1:25:44]} 59. Ka2 {[%clk 1:05:19]} 59...
Ra1# 0-1

[Event "DEM U10w 2018"]
[Site "Willingen GER"]
[Date "2018.05.21"]
[Round "4"]
[White "Oellrich, Emma"]
[Black "Stepanjan, Marianne"]
[Result "0-1"]
[Termination "normal"]
[Board "2"]
[WhiteElo "1162"]
[BlackElo "1246"]
[WhiteClock "00:35:48"]
[BlackClock "00:17:49"]
[PlyCount "75"]
[WhiteFideId "16268806"]
[BlackFideId "16246110"]
[EventCountry "GER"]
[EventRounds "11"]
[EventType "swiss"]
[EventDate "2018.05.19"]

1. e4 {[%clk 1:15:55]} 1... c5 {[%clk 1:15:53]} 2. Nc3 {[%clk 1:16:12]} 2... d6
{[%clk 1:15:59]} 3. d4 {[%clk 1:16:13]} 3... cxd4 {[%clk 1:16:11]} 4. Qxd4 {
[%clk 1:16:31]} 4... Nc6 {[%clk 1:16:28]} 5. Bb5 {[%clk 1:16:54]} 5... a6 {
[%clk 1:15:49]} 6. Bxc6+ {[%clk 1:17:10]} 6... bxc6 {[%clk 1:15:42]} 7. Nge2 {
[%clk 1:17:01]} 7... Bb7 {[%clk 1:11:36]} 8. Be3 {[%clk 1:13:48]} 8... c5 {
[%clk 1:08:34]} 9. Qd3 {[%clk 1:13:30]} 9... e6 {[%clk 1:05:17]} 10. O-O-O {
[%clk 1:12:13]} 10... Be7 {[%clk 1:04:23]} 11. Rdg1 {[%clk 1:11:22]} 11... d5 {
[%clk 0:58:45]} 12. exd5 {[%clk 1:11:22]} 12... exd5 {[%clk 0:58:25]} 13. Bd2 {
[%clk 1:09:21]} 13... Bf6 {[%clk 0:52:03]} 14. Qe3+ {[%clk 1:07:32]} 14... Qe7
{[%clk 0:49:26]} 15. Qxe7+ {[%clk 1:07:15]} 15... Nxe7 {[%clk 0:49:26]} 16. h4
{[%clk 1:07:15]} 16... O-O-O {[%clk 0:49:26]} 17. Bg5 {[%clk 1:07:15]} 17...
Rd6 {[%clk 0:49:26]} 18. Bxf6 {[%clk 1:07:15]} 18... Rxf6 {[%clk 0:49:26]} 19.
f3 {[%clk 0:49:31]} 19... Ng6 {[%clk 0:34:27]} 20. h5 {[%clk 0:48:56]} 20...
Nf4 {[%clk 0:32:00]} 21. Nxf4 {[%clk 0:47:09]} 21... Rxf4 {[%clk 0:31:59]} 22.
Ne2 {[%clk 0:45:10]} 22... Rf6 {[%clk 0:31:38]} 23. f4 {[%clk 0:43:44]} 23...
Re8 {[%clk 0:30:09]} 24. Re1 {[%clk 0:43:39]} 24... d4 {[%clk 0:28:11]} 25.
Rhg1 {[%clk 0:42:16]} 25... Rfe6 {[%clk 0:24:58]} 26. Kd2 {[%clk 0:40:56]}
26... a5 {[%clk 0:22:48]} 27. Ng3 {[%clk 0:40:24]} 27... Rxe1 {[%clk 0:20:31]}
28. Rxe1 {[%clk 0:40:40]} 28... Rxe1 {[%clk 0:20:52]} 29. Kxe1 {[%clk 0:41:00]}
29... Bxg2 {[%clk 0:20:42]} 30. Nf5 {[%clk 0:40:45]} 30... Bf3 {[%clk 0:17:23]}
31. Nxg7 {[%clk 0:40:53]} 31... Be4 {[%clk 0:17:03]} 32. Kd2 {[%clk 0:40:40]}
32... Kd7 {[%clk 0:16:43]} 33. h6 {[%clk 0:40:23]} 33... f5 {[%clk 0:16:36]}
34. Nh5 {[%clk 0:39:14]} 34... Ke6 {[%clk 0:16:41]} 35. Ng3 {[%clk 0:38:52]}
35... Kf6 {[%clk 0:17:01]} 36. Nxe4+ {[%clk 0:38:44]} 36... fxe4 37. Ke2 {
[%clk 0:35:48]} 37... Kf5 {[%clk 0:17:49]} 38. a3 {Ke5} 0-1

[Event "DEM U10w 2018"]
[Site "Willingen GER"]
[Date "2018.05.21"]
[Round "4"]
[White "Mirnaya, Veronika"]
[Black "Khanbekyan, Nare"]
[Result "1-0"]
[Termination "normal"]
[Board "3"]
[WhiteElo "1036"]
[BlackElo "1123"]
[WhiteClock "01:09:48"]
[BlackClock "00:16:08"]
[PlyCount "89"]
[WhiteFideId "16277406"]
[BlackFideId "16270916"]
[EventCountry "GER"]
[EventRounds "11"]
[EventType "swiss"]
[EventDate "2018.05.19"]

1. e4 {[%clk 1:15:56]} 1... e5 {[%clk 1:15:50]} 2. Nf3 {[%clk 1:16:22]} 2...
Nc6 {[%clk 1:16:01]} 3. Bc4 {[%clk 1:16:46]} 3... Bc5 {[%clk 1:16:10]} 4. d4 {
[%clk 1:17:10]} 4... Nxd4 {[%clk 1:15:20]} 5. Be3 {[%clk 1:17:32]} 5... Nxf3+ {
[%clk 1:14:39]} 6. Qxf3 {[%clk 1:17:51]} 6... Bb4+ {[%clk 1:12:38]} 7. c3 {
[%clk 1:17:55]} 7... Bxc3+ {[%clk 1:11:48]} 8. Nxc3 {[%clk 1:18:17]} 8... Nf6 {
[%clk 1:11:29]} 9. O-O {[%clk 1:18:22]} 9... O-O {[%clk 1:11:19]} 10. Bg5 {
[%clk 1:18:28]} 10... c6 {[%clk 1:10:10]} 11. Qg3 {[%clk 1:16:35]} 11... b5 {
[%clk 1:04:20]} 12. Bb3 {[%clk 1:16:08]} 12... Ba6 {[%clk 1:01:31]} 13. Rfd1 {
[%clk 1:14:28]} 13... b4 {[%clk 1:00:35]} 14. Na4 {[%clk 1:14:07]} 14... Nxe4 {
[%clk 0:56:05]} 15. Bxd8 {[%clk 1:13:53]} 15... Nxg3 {[%clk 0:55:53]} 16. hxg3
{[%clk 1:14:13]} 16... Raxd8 {[%clk 0:55:56]} 17. Nc5 {[%clk 1:14:15]} 17...
Bc8 {[%clk 0:50:21]} 18. Bc4 {[%clk 1:12:00]} 18... d6 {[%clk 0:46:22]} 19. Nb3
19... Bg4 {[%clk 0:42:23]} 20. f3 {[%clk 1:11:10]} 20... Bf5 {[%clk 0:41:38]}
21. a3 {[%clk 1:11:22]} 21... d5 {[%clk 0:41:10]} 22. Be2 {[%clk 1:09:57]}
22... Bc2 {[%clk 0:41:14]} 23. Rdc1 {[%clk 1:09:15]} 23... Bxb3 {[%clk 0:41:07]
} 24. Rxc6 {[%clk 1:09:28]} 24... bxa3 {[%clk 0:41:09]} 25. Rxa3 { [%clk
1:09:48]} 25... Bc2 {[%clk 0:40:20]} 26. Rxc2 {[%clk 1:09:24]} 26... e4 { [%clk
0:37:01]} 27. Rd2 {[%clk 1:07:29]} 27... Rfe8 {[%clk 0:33:04]} 28. Rxa7 { [%clk
1:07:05]} 28... exf3 {[%clk 0:31:43]} 29. gxf3 {[%clk 1:07:13]} 29... Re5
{[%clk 0:26:07]} 30. b4 {[%clk 1:06:50]} 30... Rb8 {[%clk 0:25:46]} 31. b5 {
[%clk 1:06:56]} 31... g6 {[%clk 0:25:56]} 32. Kf2 {[%clk 1:06:40]} 32... Kf8 {
[%clk 0:24:09]} 33. Rd7 {[%clk 1:06:59]} 33... Kg7 {[%clk 0:22:24]} 34. R2xd5 {
[%clk 1:06:53]} 34... Rxd5 {[%clk 0:21:01]} 35. Rxd5 {[%clk 1:07:17]} 35... Kf6
{[%clk 0:20:40]} 36. Ke3 {[%clk 1:07:34]} 36... Ke6 {[%clk 0:20:20]} 37. Kd4 {
[%clk 1:07:55]} 37... Ra8 {[%clk 0:17:40]} 38. b6 {[%clk 1:08:07]} 38... Ra4+ {
[%clk 0:16:38]} 39. Bc4 {[%clk 1:08:26]} 39... Rb4 {[%clk 0:16:34]} 40. Rb5+ {
[%clk 1:08:38]} 40... Rxc4+ {[%clk 0:15:47]} 41. Kxc4 {[%clk 1:09:07]} 41...
Kd7 {[%clk 0:16:00]} 42. b7 {[%clk 1:09:30]} 42... Kc6 {[%clk 0:15:47]} 43.
b8=Q {[%clk 1:09:37]} 43... Kd7 {[%clk 0:15:50]} 44. Rd5+ {[%clk 1:09:48]}
44... Ke6 {[%clk 0:16:08]} 45. Qd6# 1-0

[Event "DEM U10w 2018"]
[Site "Willingen GER"]
[Date "2018.05.21"]
[Round "4"]
[White "Sickmann, Lisa"]
[Black "Bräutigam, Katerina"]
[Result "0-1"]
[Termination "normal"]
[Board "4"]
[WhiteElo "1119"]
[BlackElo "1728"]
[WhiteClock "01:11:20"]
[BlackClock "00:20:25"]
[PlyCount "88"]
[WhiteFideId "16267818"]
[BlackFideId "16242980"]
[EventCountry "GER"]
[EventRounds "11"]
[EventType "swiss"]
[EventDate "2018.05.19"]

1. e4 {[%clk 1:15:59]} 1... d5 {[%clk 1:15:51]} 2. exd5 {[%clk 1:16:18]} 2...
Qxd5 {[%clk 1:16:18]} 3. Nc3 {[%clk 1:16:38]} 3... Qa5 {[%clk 1:16:40]} 4. d4 {
[%clk 1:17:00]} 4... Nf6 {[%clk 1:16:41]} 5. Bc4 {[%clk 1:17:21]} 5... c6 {
[%clk 1:16:53]} 6. Nf3 {[%clk 1:17:43]} 6... Bf5 {[%clk 1:16:50]} 7. O-O {
[%clk 1:17:56]} 7... Nbd7 {[%clk 1:16:43]} 8. Bf4 {[%clk 1:18:06]} 8... e6 {
[%clk 1:15:20]} 9. a3 {[%clk 1:18:22]} 9... Be7 {[%clk 1:14:37]} 10. Re1 {
[%clk 1:18:40]} 10... O-O {[%clk 1:14:27]} 11. Qe2 {[%clk 1:18:45]} 11... Rac8
{[%clk 1:07:02]} 12. Bb3 {[%clk 1:18:31]} 12... Rfe8 {[%clk 1:02:21]} 13. Rad1
{[%clk 1:18:07]} 13... h6 {[%clk 0:55:11]} 14. Ne5 {[%clk 1:16:37]} 14... Nxe5
{[%clk 0:49:57]} 15. Bxe5 {[%clk 1:16:53]} 15... Qd8 {[%clk 0:44:10]} 16. h3 {
[%clk 1:16:03]} 16... Bd6 {[%clk 0:42:35]} 17. f4 {[%clk 1:15:42]} 17... Bg6 {
[%clk 0:40:04]} 18. Rd2 {[%clk 1:15:05]} 18... Nh5 {[%clk 0:37:36]} 19. Qe3 {
[%clk 1:15:11]} 19... Be7 {[%clk 0:34:37]} 20. g3 {[%clk 1:15:15]} 20... Nf6 {
[%clk 0:33:33]} 21. Kh2 {[%clk 1:15:01]} 21... Nd7 {[%clk 0:33:17]} 22. Red1 {
[%clk 1:14:57]} 22... f6 {[%clk 0:33:00]} 23. Bxe6+ {[%clk 1:11:07]} 23... Bf7
{[%clk 0:32:39]} 24. Bxf7+ {[%clk 1:10:19]} 24... Kxf7 {[%clk 0:32:55]} 25. Rf1
{[%clk 1:10:19]} 25... Kg8 {[%clk 0:31:52]} 26. Bxf6 {[%clk 1:10:23]} 26...
Bxf6 {[%clk 0:32:10]} 27. Qd3 {[%clk 1:10:39]} 27... Kh8 {[%clk 0:30:33]} 28.
Qg6 {[%clk 1:10:30]} 28... Re7 {[%clk 0:29:06]} 29. Ne4 {[%clk 1:10:14]} 29...
Qe8 {[%clk 0:28:09]} 30. Qxe8+ {[%clk 1:10:12]} 30... Rcxe8 {[%clk 0:28:24]}
31. Nd6 {[%clk 1:10:26]} 31... Re2+ {[%clk 0:27:54]} 32. Rf2 {[%clk 1:10:44]}
32... Rxf2+ {[%clk 0:28:05]} 33. Rxf2 {[%clk 1:11:01]} 33... Rb8 { [%clk
0:28:10]} 34. Nf7+ {[%clk 1:11:06]} 34... Kg8 {[%clk 0:28:28]} 35. Ne5 { [%clk
1:11:24]} 35... Bxe5 {[%clk 0:26:38]} 36. dxe5 {[%clk 1:11:45]} 36... Re8
{[%clk 0:25:58]} 37. b4 {[%clk 1:11:45]} 37... g5 {[%clk 0:24:37]} 38. c4 {
[%clk 1:11:53]} 38... Rf8 {[%clk 0:23:21]} 39. e6 {[%clk 1:11:45]} 39... Nb6 {
[%clk 0:23:32]} 40. c5 {[%clk 1:12:03]} 40... Nd5 {[%clk 0:23:51]} 41. f5 {
[%clk 1:12:04]} 41... h5 {[%clk 0:20:18]} 42. Rf3 42... g4 {[%clk 0:19:59]} 43.
hxg4 {[%clk 1:11:40]} 43... hxg4 {[%clk 0:20:17]} 44. Kg2 {[%clk 1:11:20]}
44... gxf3+ {[%clk 0:20:25]} 0-1

[Event "DEM U10w 2018"]
[Site "Willingen GER"]
[Date "2018.05.21"]
[Round "4"]
[White "Peglau, Charis"]
[Black "Loos, Tilda"]
[Result "1-0"]
[Termination "normal"]
[Board "5"]
[WhiteElo "1324"]
[BlackElo "1091"]
[WhiteClock "01:00:41"]
[BlackClock "01:12:32"]
[PlyCount "111"]
[WhiteFideId "16219996"]
[BlackFideId "34620559"]
[EventCountry "GER"]
[EventRounds "11"]
[EventType "swiss"]
[EventDate "2018.05.19"]

1. e4 {[%clk 1:15:58]} 1... c5 {[%clk 1:15:50]} 2. Nf3 {[%clk 1:16:22]} 2... e6
{[%clk 1:16:00]} 3. Nc3 {[%clk 1:16:05]} 3... Nc6 {[%clk 1:15:28]} 4. Bc4 {
[%clk 1:16:15]} 4... Nf6 {[%clk 1:14:04]} 5. O-O {[%clk 1:14:37]} 5... Be7 {
[%clk 1:13:46]} 6. d4 {[%clk 1:14:21]} 6... O-O {[%clk 1:13:06]} 7. Re1 { [%clk
1:14:16]} 7... Re8 {[%clk 1:09:42]} 8. Bg5 {[%clk 1:11:54]} 8... h6 { [%clk
1:09:21]} 9. Bh4 {[%clk 1:11:50]} 9... d5 {[%clk 1:08:01]} 10. exd5 { [%clk
1:08:53]} 10... exd5 {[%clk 1:07:08]} 11. Bxf6 {[%clk 1:06:48]} 11... Bxf6
{[%clk 1:07:26]} 12. Rxe8+ {[%clk 1:07:12]} 12... Qxe8 {[%clk 1:07:43]} 13.
Nxd5 {[%clk 1:07:19]} 13... Qd8 {[%clk 1:07:20]} 14. Nxf6+ {[%clk 1:06:52]}
14... Qxf6 {[%clk 1:07:31]} 15. c3 {[%clk 1:06:47]} 15... cxd4 {[%clk 1:07:41]}
16. Nxd4 {[%clk 1:07:00]} 16... Nxd4 {[%clk 1:07:58]} 17. Qxd4 {[%clk 1:06:53]}
17... Qxd4 {[%clk 1:07:56]} 18. cxd4 {[%clk 1:04:18]} 18... b6 {[%clk 1:07:24]}
19. Bd5 {[%clk 1:04:30]} 19... Rb8 {[%clk 1:07:37]} 20. Re1 {[%clk 1:04:27]}
20... Bb7 {[%clk 1:07:51]} 21. Bxb7 {[%clk 1:03:50]} 21... Rxb7 {[%clk 1:08:07]
} 22. Kf1 {[%clk 1:04:02]} 22... Rd7 {[%clk 1:08:20]} 23. Rd1 {[%clk 1:04:23]}
23... Rd5 {[%clk 1:08:36]} 24. Ke2 {[%clk 1:04:41]} 24... Rb5 {[%clk 1:08:57]}
25. b3 {[%clk 1:04:35]} 25... a5 {[%clk 1:09:17]} 26. Ke3 {[%clk 1:04:29]}
26... g5 {[%clk 1:09:36]} 27. f4 {[%clk 1:03:29]} 27... f6 {[%clk 1:09:45]} 28.
g4 {[%clk 1:02:37]} 28... gxf4+ {[%clk 1:09:46]} 29. Kxf4 {[%clk 1:02:55]}
29... Kg7 {[%clk 1:09:53]} 30. d5 {[%clk 1:01:41]} 30... Kf7 {[%clk 1:09:39]}
31. Kf5 {[%clk 1:01:07]} 31... Rc5 {[%clk 1:09:45]} 32. Rd2 {[%clk 1:00:49]}
32... b5 {[%clk 1:09:52]} 33. Ke4 {[%clk 1:00:48]} 33... Ke7 {[%clk 1:10:00]}
34. Kf5 {[%clk 0:59:13]} 34... a4 {[%clk 1:07:32]} 35. bxa4 {[%clk 0:58:31]}
35... bxa4 {[%clk 1:07:51]} 36. Kg6 {[%clk 0:56:31]} 36... Kd6 {[%clk 1:08:02]}
37. Rd4 {[%clk 0:56:10]} 37... Rxd5 {[%clk 1:08:05]} 38. Rxa4 {[%clk 0:56:09]}
38... Rg5+ {[%clk 1:08:04]} 39. Kxf6 {[%clk 0:55:58]} 39... Re5 {[%clk 1:08:10]
} 40. Rd4+ {[%clk 0:56:13]} 40... Rd5 {[%clk 1:08:21]} 41. Rxd5+ { [%clk
0:56:35]} 41... Kxd5 {[%clk 1:08:39]} 42. Kg6 {[%clk 0:57:00]} 42... Ke5 {[%clk
1:08:53]} 43. Kxh6 {[%clk 0:57:21]} 43... Kf4 {[%clk 1:09:12]} 44. g5 { [%clk
0:57:46]} 44... Kf5 {[%clk 1:09:29]} 45. g6 {[%clk 0:58:08]} 45... Kf6 { [%clk
1:09:44]} 46. g7 {[%clk 0:58:21]} 46... Kf7 {[%clk 1:09:59]} 47. Kh7 { [%clk
0:58:46]} 47... Kf6 {[%clk 1:10:11]} 48. g8=Q {[%clk 0:59:11]} 48... Ke5 {[%clk
1:10:28]} 49. Qd8 {[%clk 0:59:19]} 49... Kf4 {[%clk 1:10:48]} 50. Kg6 50... Kf3
{[%clk 1:11:11]} 51. Kf5 {[%clk 0:59:59]} 51... Kg2 {[%clk 1:11:35]} 52. Qd3
{[%clk 1:00:18]} 52... Kxh2 {[%clk 1:11:57]} 53. Kf4 {[%clk 1:00:27]} 53... Kg2
{[%clk 1:12:11]} 54. Qe2+ {[%clk 1:00:35]} 54... Kg1 {[%clk 1:12:32]} 55. Kg3
{[%clk 1:00:41]} 55... Kh1 56. Qh2# 1-0

[Event "DEM U10w 2018"]
[Site "Willingen GER"]
[Date "2018.05.21"]
[Round "4"]
[White "Peglau, Dora"]
[Black "Schwenke, Mia"]
[Result "1-0"]
[Termination "normal"]
[Board "6"]
[WhiteElo "1203"]
[BlackElo "1062"]
[WhiteClock "00:51:20"]
[BlackClock "00:35:44"]
[PlyCount "103"]
[WhiteFideId "16220005"]
[BlackFideId "16263332"]
[EventCountry "GER"]
[EventRounds "11"]
[EventType "swiss"]
[EventDate "2018.05.19"]

1. e4 {[%clk 1:15:59]} 1... c5 {[%clk 1:15:56]} 2. Nf3 {[%clk 1:16:23]} 2...
Nc6 {[%clk 1:16:21]} 3. d4 {[%clk 1:16:45]} 3... cxd4 {[%clk 1:16:41]} 4. Nxd4
{[%clk 1:17:07]} 4... g6 {[%clk 1:17:08]} 5. c4 {[%clk 1:17:25]} 5... Bg7 {
[%clk 1:16:58]} 6. Be3 {[%clk 1:17:40]} 6... Nf6 {[%clk 1:16:57]} 7. Nc3 {
[%clk 1:17:54]} 7... O-O {[%clk 1:16:32]} 8. f3 {[%clk 1:17:56]} 8... d6 {
[%clk 1:16:13]} 9. Qd2 {[%clk 1:17:34]} 9... e5 {[%clk 1:14:39]} 10. Nxc6 {
[%clk 1:17:43]} 10... bxc6 {[%clk 1:14:41]} 11. Rd1 {[%clk 1:17:42]} 11... Ne8
{[%clk 1:04:27]} 12. Be2 {[%clk 1:16:04]} 12... Be6 {[%clk 0:59:34]} 13. O-O {
[%clk 1:15:52]} 13... Qd7 {[%clk 0:57:59]} 14. c5 {[%clk 1:15:01]} 14... Rd8 {
[%clk 0:57:15]} 15. cxd6 {[%clk 1:11:12]} 15... Nxd6 {[%clk 0:57:31]} 16. Bc5 {
[%clk 1:11:00]} 16... Rfe8 {[%clk 0:48:33]} 17. Qxd6 {[%clk 1:10:55]} 17... Qc8
{[%clk 0:47:38]} 18. Ba6 {[%clk 1:10:22]} 18... Rxd6 {[%clk 0:46:29]} 19. Bxc8
{[%clk 1:10:36]} 19... Rxd1 {[%clk 0:46:47]} 20. Rxd1 {[%clk 1:10:30]} 20...
Rxc8 {[%clk 0:46:56]} 21. Bxa7 {[%clk 1:10:34]} 21... h6 {[%clk 0:46:45]} 22.
Be3 {[%clk 1:08:29]} 22... Ra8 {[%clk 0:46:45]} 23. b3 {[%clk 1:07:24]} 23...
Bf8 {[%clk 0:46:06]} 24. Na4 {[%clk 1:06:05]} 24... Rc8 {[%clk 0:45:30]} 25.
Bc5 {[%clk 1:04:29]} 25... Bg7 {[%clk 0:42:19]} 26. Nb6 {[%clk 1:03:34]} 26...
Rc7 {[%clk 0:41:41]} 27. Rd8+ {[%clk 1:03:15]} 27... Kh7 {[%clk 0:41:44]} 28.
Kf2 {[%clk 1:01:40]} 28... Ra7 {[%clk 0:40:52]} 29. Ra8 {[%clk 1:01:13]} 29...
Rc7 {[%clk 0:41:02]} 30. Ke3 {[%clk 1:00:52]} 30... h5 {[%clk 0:41:01]} 31. Kd3
{[%clk 0:58:24]} 31... g5 {[%clk 0:40:48]} 32. Kc3 {[%clk 0:55:06]} 32... h4 {
[%clk 0:40:56]} 33. h3 {[%clk 0:55:07]} 33... Kh6 {[%clk 0:40:34]} 34. a4 {
[%clk 0:53:39]} 34... Kh5 {[%clk 0:37:31]} 35. a5 {[%clk 0:53:09]} 35... g4 {
[%clk 0:37:50]} 36. hxg4+ {[%clk 0:53:05]} 36... Kg5 {[%clk 0:36:57]} 37. Be3+
{[%clk 0:53:04]} 37... Kg6 {[%clk 0:36:57]} 38. a6 {[%clk 0:52:59]} 38... f6 {
[%clk 0:35:43]} 39. a7 {[%clk 0:51:00]} 39... Bh6 {[%clk 0:34:28]} 40. Bxh6 {
[%clk 0:49:48]} 40... Kxh6 {[%clk 0:34:42]} 41. Rh8+ {[%clk 0:50:07]} 41... Kg7
{[%clk 0:34:47]} 42. a8=Q {[%clk 0:50:28]} 42... Re7 {[%clk 0:34:22]} 43. Qf8+
{[%clk 0:50:49]} 43... Kg6 44. Qxe7 44... Bf7 {[%clk 0:33:46]} 45. Qf8 { [%clk
0:50:59]} 45... Bxb3 {[%clk 0:33:56]} 46. Qh6+ {[%clk 0:51:05]} 46... Kf7
{[%clk 0:34:21]} 47. Qf8+ {[%clk 0:50:46]} 47... Ke6 {[%clk 0:34:40]} 48. Qe8+
{[%clk 0:51:00]} 48... Kd6 {[%clk 0:34:58]} 49. Nc8+ {[%clk 0:50:41]} 49... Kc5
{[%clk 0:35:18]} 50. Qe7+ {[%clk 0:51:00]} 50... Kb5 {[%clk 0:35:35]} 51. Nd6+
{[%clk 0:51:20]} 51... Ka4 {[%clk 0:35:44]} 52. Ra8# 1-0